000 00826nam a2200229Ii 4500
003 JO-AjNU
008 230605s9999||||xx |||||||||||||| ||und||
017 _a2003/13665
020 _a977-327-380-6
040 _aJO-AjNU
_bara
_erda
_cJO-AjNU
041 _aara
050 1 4 _aPJ7750.A25.R5737 2004
100 3 _aتأليف سلام،أبو الحسن,
_eauthor
_924283
245 0 0 _aالظاهرة الدرامية والملحمية في رسالة الغفران
250 _aط1
264 3 1 _aالإسكندرية:دار الوفاء لدنيا الطباعة والنشر،2004
300 _a447ص
336 _atext
_btxt
_2rdacontent
337 _aunmediated
_bn
_2rdamedia
338 _avolume
_bnc
_2rdacarrier
650 4 _aالرسائل العربية - تاريخ ونقد - العصر العباسي
_924284
999 _aA8918
_c12486
_d12486